Logo BPK

Biblioteka

Politechniki Koszalińskiej

Ośrodki lokalne w strefie oddziaływania wielkich miast = (Rekord nr 55687)

Szczegóły MARC
000 -ETYKIETA REKORDU
podpole kontrolne o stałej długości 01407nam a2200325 i 4500
001 - NUMER KONTROLNY REKORDU
pole kontrolne bg
020 ## - MIĘDZYNARODOWY ZNORMALIZOWANY NUMER KSIĄŻKI - ISBN
ISBN 9788389693976
022 ## - MIĘDZYNARODOWY ZNORMALIZOWANY NUMER WYDAWNICTW CIĄGŁYCH - ISSN
ISSN 00793493
040 ## - ŹRÓDŁO KATALOGOWANIA
Instytucja, która utworzyła rekord BPK
041 ## - KOD JĘZYKA
Kod języka tekstu pol
044 ## - KOD KRAJU WYDAWCY/PRODUCENTA
Kod kraju wydawcy/producenta POL
080 ## - UNIWERSALNA KLASYFIKACJA DZIESIĘTNA - UKD
UKD 711.4/.8(438)"1989/..."
920 ## - Międzynarodowy znormalizowany numer książki – ISBN
ISBN 978-83-8969-39-76
008 - POLE O STAŁEJ DŁUGOŚCI - DANE KONTROLNE
podpole kontrolne o stałej długości s pl f |000 0 pol
245 10 - TYTUŁ/ODPOWIEDZIALNOŚĆ
Tytuł Ośrodki lokalne w strefie oddziaływania wielkich miast =
Ciąg dalszy tytułu (Local centers within the sphere of influence of big cities /
Pozostałe elementy strefy tytułu i oznaczenia odpowiedzialności pod red. Krystiana Heffnera i Tadeusza Marszała.
246 31 - WARIANT TYTUŁU
Treść wyrażenia wprowadzającego Tyt. równol.:
Tytuł Local centers within the sphere of influence of big cities
260 ## - STREFA ADRESU WYDAWNICZEGO
Miejsce wydania Warszawa :
Nazwa wydawcy/dystrybutora Komitet Przestrzennego Zagospodarowania Kraju PAN,
Data publikacji, dystrybucji/powstania dokumentu 2008.
300 ## - STREFA OPISU FIZYCZNEGO
Objętość 244 s. :
Inne cechy fizyczne il. ;
Rozmiary 21 cm.
490 1# - STREFA SERII I DOKUMENTU WIELOCZĘŚCIOWEGO - FORMA NIE DO WYSZUKIWANIA
Tytuł i oznaczenie odpowiedzialności serii Biuletyn / Polska Akademia Nauk. Komitet Przestrzennego Zagospodarowania Kraju,
ISSN 0079-3493 ;
Numeracja w obrębie serii z. 236
504 ## - UWAGA DOTYCZĄCA BIBLIOGRAFII
Informacje o bibliografii Bibliogr. przy pracach.
546 ## - UWAGA O JĘZYKU
Uwaga o języku Streszcz. ang. przy pracach.
650 #9 - HASŁO PRZEDMIOTOWE W FORMIE NAZWY OGÓLNEJ LUB JEDNOSTKOWEJ
Nazwa ogólna lub geograficzna Metropolie (urban.)
Określnik geograficzny Polska
Określnik chronologiczny od 1989 r.
650 #9 - HASŁO PRZEDMIOTOWE W FORMIE NAZWY OGÓLNEJ LUB JEDNOSTKOWEJ
Nazwa ogólna lub geograficzna Miasta
Określnik geograficzny Polska
Określnik chronologiczny od 1989 r.
650 #9 - HASŁO PRZEDMIOTOWE W FORMIE NAZWY OGÓLNEJ LUB JEDNOSTKOWEJ
Nazwa ogólna lub geograficzna Urbanizacja
Określnik geograficzny Polska
Określnik chronologiczny od 1989 r.
700 1# - HASŁO DODATKOWE - NAZWA OSOBOWA
Nazwa osobowa Heffner, Krystian
Daty związane z nazwą (1951- ).
Określenie związku między hasłem a opisywanym materiałem Red.
700 1# - HASŁO DODATKOWE - NAZWA OSOBOWA
Nazwa osobowa Marszał, Tadeusz
Daty związane z nazwą (1952- ).
Określenie związku między hasłem a opisywanym materiałem Red.
830 0# - HASŁO DODATKOWE SERII LUB DOKUMENTU WIELOCZĘŚCIOWEGO - TYTUŁ UJEDNOLICONY
Tytuł ujednolicony Biuletyn - Polska Akademia Nauk. Komitet Przestrzennego Zagospodarowania Kraju,
-- 0079-3493 ;
Oznaczenie tomu z. 236
856 ## - LOKALIZACJA I DOSTĘP DO ELEKTRONICZNYCH DOKUMENTÓW ZDALNYCH
Link (URL) http://koha.tu.koszalin.pl/cgi-bin/koha/opac-detail.pl?biblionumber=55687
Tekst linku Katalog online BPK
942 ## - DODATKOWE ELEMENTY (KOHA)
Typ dokumentu Książka
Egzemplarze
Wycofany Status egzemplarza Uszkodzony Dostępność Lokalizacja stała Lokalizacja bieżąca Miejsce przechowywania Sygnatura Kod kreskowy Typ dokumentu
      Tylko na miejscu Biblioteka Politechniki Koszalińskiej Biblioteka Politechniki Koszalińskiej Czytelnia Wydziałowa ul. Kwiatkowskiego 6e 89085 02441887 Książka
© 2023 Biblioteka Politechniki Koszalińskiej :: KOHA